Lwów między wojnami
| Titel: | Lwów między wojnami : opowieść o życiu miasta 1918-1939 / Michał Pszczółkowski |
|---|---|
| Verfasser: | |
| Veröffentlicht: | Łódź : Księży Młyn Dom Wydawniczy, [2024] |
| Umfang: | 151 Seiten : Illustrationen + 1 Stadplan |
| Format: | Buch |
| Sprache: | Polnisch |
| ISBN: | 9788377296981 |
| Hinweise zum Inhalt: |
Inhaltsverzeichnis
Buch Bibliographie Cover Abstract |
alg: 52228484 001A $03004:17-10-24 001B $01999:04-12-25 $t22:16:47.000 001D $03004:07-11-24 001U $0utf8 001X $00 002@ $0Aau 002C $aText $btxt $2rdacontent 002C $aunbewegtes Bild $bsti $2rdacontent 002D $aohne Hilfsmittel zu benutzen $bn $2rdamedia 002E $aBand $bnc $2rdacarrier 003@ $0522284841 004A $A978-83-7729-698-1 007A $0522284841 $aHEB 007G $0DE0203FE8C32561B17813C1258BE700503CE2 009P $qapplication/pdf $A2 $3Inhaltsverzeichnis $uhttp://scans.hebis.de/HEBCGI/show.pl?52228484_toc.pdf $mV:DE-603;B:DE-Mb50 009P $qapplication/pdf $A2 $3Buch Bibliographie $uhttp://scans.hebis.de/HEBCGI/show.pl?52228484_bib.pdf $mV:DE-603;B:DE-Mb50 009P $qapplication/pdf $A2 $3Cover $uhttp://scans.hebis.de/HEBCGI/show.pl?52228484_cov.pdf $mV:DE-603;B:DE-Mb50 009P $qapplication/pdf $A2 $3Abstract $uhttp://scans.hebis.de/HEBCGI/show.pl?52228484_sum.pdf $mV:DE-603;B:DE-Mb50 010@ $apol 010E $erda 011@ $a2024 $n[2024] 011F $n© Copyright 2024 021A $aLwów między wojnami $dopowieść o życiu miasta 1918-1939 $hMichał Pszczółkowski 028A $BVerfasser $4aut $71110895895 $8Pszczółkowski, Michał$Z1981- [Tp1] $9385656777 033A $pŁódź $nKsięży Młyn Dom Wydawniczy 034D $a151 Seiten 034K $a1 Stadplan 034M $aIllustrationen 044K $#Lemberg $#Львів $#Leontopolis $#Leopolis $#Leopoli $#Léopol $#Lwów $#Lwow $#L'vov $#Lwiw $#L'viv $#Lʹviv vor 1919 $#Lviv $#Lvovas $74035304-7 $8Lemberg [Tg1] $9085095230 045F $a307.0943809041 $eDDC23BSB 045F/01 $a307.09 045F/03 $f09041 045F/03 $f09042 045F/03 $f09043 045F/03 $g438 045G $a910.9438 $eDDC23BSB 045G/01 $a910 045G/03 $g438 045R $aGeschichte 1918-1939 lok: 52228484 24 exp: 52228484 24 1 #EPN 201B/01 $007-11-24 $t12:49:54.000 201C/01 $017-10-24 201U/01 $0utf8 203@/01 $01278209832 208@/01 $a07-11-24 $bz 209A/01 $a24.06586 $du $f050 $h24 06586 $x00 209C/01 $a24.06586 K $h24 06586 K 209G/01 $a74897193 $x00 220C/01 $ahae 247C/01 $8358050-7Marburg, Bibliothek des Herder-Instituts Marburg $9102600961 lok: 52228484 78 exp: 52228484 78 1 #EPN 201B/01 $012-09-25 $t13:01:07.000 201C/01 $012-09-25 201U/01 $0utf8 203@/01 $01317992997 208@/01 $a12-09-25 $be 209A/01 $a/ $f000 $x00 209A/01 $ab*p $x01 220C/01 $apgar 244Z/01 $#Generalgouvernement Polen $#Polska $#Rzeczpospolita Polska $#Polska Rzeczpospolita Ludowa $#Poland $#Pologne $#République Polonaise $#Generalne Gubernatorstwo w Polsce $#Polish People's Republic $#Polska Rzeczpospolita Polen $#PRL $#RP $#Polen Generalgouvernement $#Polska Generalgouvernement $#Besetzte Polnische Gebiete $#Besetztes Gebiet in Polen $#Okupowane Polskie Obszary $#Obszary Okupowane w Polsce $#Volksrepublik Polen $#Polska Rosyjska $#Republic Polen $#Respublika Pol'ša $#Pol'skaja Narodnaja Respublika $#République de Pologne $#Polen Links der Weichsel $#Polska po Lewej Stronie Wisły $#Lenkija $#Polija $#Gubernija Carstva Pol'skago $#Republik Polen $74046496-9 $8--Tg1--Polen $x01 $9085129801 247C/01 $82080>Marburg/Lahn, Herder-Institut, Forschungsbibliothek, Bibliographieportal $9336309341
| LEADER | 00000cam a2200000 c 4500 | ||
|---|---|---|---|
| 001 | 522284841 | ||
| 003 | DE-603 | ||
| 005 | 20251204221647.0 | ||
| 007 | tu | ||
| 008 | 241017s2024 xx |||| | u00||u|pol c | ||
| 020 | |a 9788377296981 | ||
| 035 | |a (DE-599)HEB522284841 | ||
| 040 | |a DE-603 |b ger |c DE-603 |d DE-603 |e rda | ||
| 041 | |a pol | ||
| 082 | 0 | 4 | |8 1\u |a 307.0943809041 |q DE-101 |2 23/BSB |
| 083 | 0 | |8 2\u |a 910.9438 |q DE-101 |2 23/BSB | |
| 085 | |8 1\u |b 307.09 | ||
| 085 | |8 1\u |z 1 |s 09041 | ||
| 085 | |8 1\u |z 1 |s 09042 | ||
| 085 | |8 1\u |z 1 |s 09043 | ||
| 085 | |8 1\u |z 2 |s 438 | ||
| 085 | |8 2\u |b 910 | ||
| 085 | |8 2\u |z 2 |s 438 | ||
| 100 | 1 | |a Pszczółkowski, Michał |d 1981- |e Verfasser |4 aut |0 (DE-603)385656777 |0 (DE-588)1110895895 |2 gnd | |
| 245 | 0 | 0 | |a Lwów między wojnami |b opowieść o życiu miasta 1918-1939 |c Michał Pszczółkowski |
| 264 | 1 | |a Łódź |b Księży Młyn Dom Wydawniczy |c [2024] | |
| 264 | 4 | |c © Copyright 2024 | |
| 300 | |a 151 Seiten |b Illustrationen |e 1 Stadplan | ||
| 336 | |a Text |b txt |2 rdacontent | ||
| 336 | |a unbewegtes Bild |b sti |2 rdacontent | ||
| 337 | |a ohne Hilfsmittel zu benutzen |b n |2 rdamedia | ||
| 338 | |a Band |b nc |2 rdacarrier | ||
| 648 | 7 | |a Geschichte 1918-1939 |2 gnd | |
| 651 | 7 | |a Lemberg |0 (DE-588)4035304-7 |0 (DE-603)085095230 |2 gnd | |
| 856 | 4 | 2 | |m V:DE-603;B:DE-Mb50 |q application/pdf |u http://scans.hebis.de/HEBCGI/show.pl?52228484_toc.pdf |3 Inhaltsverzeichnis |
| 856 | 4 | 2 | |m V:DE-603;B:DE-Mb50 |q application/pdf |u http://scans.hebis.de/HEBCGI/show.pl?52228484_bib.pdf |3 Buch Bibliographie |
| 856 | 4 | 2 | |m V:DE-603;B:DE-Mb50 |q application/pdf |u http://scans.hebis.de/HEBCGI/show.pl?52228484_cov.pdf |3 Cover |
| 856 | 4 | 2 | |m V:DE-603;B:DE-Mb50 |q application/pdf |u http://scans.hebis.de/HEBCGI/show.pl?52228484_sum.pdf |3 Abstract |
| 924 | 0 | |9 Mb 50 |a (DE-603)1278209832 |b DE-Mb50 |c HES |d c |g 24.06586 | |
| 924 | 0 | |9 2080 |a (DE-603)1317992997 |b DE-2080 |c HES |d d |g / | |


